000 00283nam a2200133 i 4500
001 bg
100 1 _aRODO, M.
245 0 _aPoluprovodnikovye materialy.
260 _aMoskva,
_c1971.
040 _cBPK
041 _apol
942 _cKS
008 s pl f |000 0 pol
999 _c14015
_d14015
856 _uhttp://koha.tu.koszalin.pl/cgi-bin/koha/opac-detail.pl?biblionumber=14015
_yKatalog online BPK